000 01190cam a2200241 4500
001 ABS66889
008 030808n2003 000 0 eng u
035 _a(Sirsi) u123249
100 _aRashed Al Khalifa, H.
245 _aNegotiating and arbitrating against government entities
260 _c2003
490 _aConstruction Law Journal
_v19(5) 258-267(10)
520 _aExamines the disputes which may arise between government entities and private parties in construction contracts. Problem areas during negotiations can include the allocation of liabilities, rights and risks of each party. Concludes that a negotiator must maintain a fair allocation of risks to avoid any possibility of future disputes. Also advises contracts should allow the application of any local or international laws which apply.
590 _aABS
650 _aBUILT ENVIRONMENT-BUILDING CONTRACT FORMS
650 _aCONSTRUCTION DISPUTES
650 _aNEGOTIATION
650 _aGOVERNMENT CONTRACTS
650 _aLIABILITIES
650 _aMANAGEMENT-DISPUTE AVOIDANCE, MANAGEMENT AND RESOLUTION-DISPUTE MANAGEMENT AND RESOLUTION-ARBITRATION
690 _aDispute resolution
_96236
942 _n0
999 _c73201
_d73201